Future of distance learning : (Record no. 123755)

MARC details
000 -LEADER
fixed length control field 00734nam a22002297a 4500
005 - DATE AND TIME OF LATEST TRANSACTION
control field 20181218131448.0
010 ## - LCCN (DPL NO)
LC control number B-120773
020 ## - INTERNATIONAL STANDARD BOOK NUMBER
International Standard Book Number 9788172731281
Terms of availability 650.00
035 ## - SYSTEM CONTROL NUMBER
System control number B-120773, B-120777, B-120774
037 ## - SOURCE OF ACQUISITION
Source of stock number/acquisition Cen Lib/Ret
082 ## - DEWEY DECIMAL CLASSIFICATION NUMBER
Classification number 374
100 ## - MAIN ENTRY--PERSONAL NAME
Personal name Jagannath,V.K.
245 ## - TITLE STATEMENT
Title Future of distance learning :
Remainder of title Designing interactivity /
Statement of responsibility, etc by V.K.Jagannath
260 ## - PUBLICATION, DISTRIBUTION, ETC. (IMPRINT)
Place of publication, distribution, etc Delhi
Name of publisher, distributor, etc Authorspress
Date of publication, distribution, etc 2003
270 ## - ADDRESS
Address E-35/103Jawahar park Laxmi nagar
City Delhi
Postal code 110092
300 ## - PHYSICAL DESCRIPTION
Extent vi,343p.
Dimensions 21cm(Hb)
500 ## - GENERAL NOTE
General note Includes bibliographical reference and index
650 ## - SUBJECT ADDED ENTRY--TOPICAL TERM
Topical term or geographic name as entry element Education - distance learning
650 ## - SUBJECT ADDED ENTRY--TOPICAL TERM
Topical term or geographic name as entry element Distance learning-global trads
942 ## - ADDED ENTRY ELEMENTS (KOHA)
Source of classification or shelving scheme Dewey Decimal Classification
Item type English Books
Classification part 374
Call number suffix JAG
Holdings
Withdrawn status Lost status Not for loan Home library Current library Date acquired Source of acquisition Cost, normal purchase price Full call number Barcode Copy number Cost, replacement price Koha item type Collection code
      Central Library Central Library 11/06/2015 Cen Lib/Ret 650.00 374 JAG B-120773 1 650.00 English Books  
      Patel Nagar Patel Nagar 24/07/2018 BPPD/PUB 650.00 374 JAG B-120774   650.00 English Books Non-fiction
      Shahdara Branch Shahdara Branch 02/06/2018 BPPD/PUB 650.00 374 JAG B-120777   650.00 English Books Non-fiction

© Delhi Public Library
Hit Counter
free hit counter